Statystyki dla Piłkarskie Kluby z Województwa Śląskiego w najwyższej lidze

Kliknij tutaj aby rozwiązać quiz!

Ogólne statystyki

  • Ten quiz został rozwiązany 72 razy
  • Średni wynik to 11 z 20

Statystyki odpowiedzi

Kluby% Poprawnych
Ruch Chorzów'Ruch Hajduki Wielkie
100%
GKS Katowice
97%
Górnik Zabrze
96%
Piast Gliwice
81%
Polonia Bytom
78%
Raków Częstochowa
76%
Zagłębie Sosnowiec
75%
GKS Tychy
74%
Podbeskidzie Bielsko - Biała
63%
ROW Rybnik
54%
Szombierki Bytom
53%
Ruch Radzionków
43%
Odra Wodzisław Śląski
35%
Szczakowianka Jaworzno
35%
GKS Jastrzębie - Zdrój
26%
AKS Chorzów
21%
Śląsk Świętochłowice
19%
Dąb Katowice
16%
1. FC Katowice
15%
Sokół Pniewy
4%

Rozkład punktacji

Percentyl według liczby udzielonych odpowiedzi

Procent ludzi z każdym wynikiem

Twoja historia wyników

Nie rozwiązałeś tego quizu